01149ngm a2200325 4500003000400000005001600004007000400020008004100024010003200065024002200097035003200119040001300151082001500164245005900179246000600238260002800244300005000272440003300322500014000355538004900495538012500544650001900669700002300688700002200711700001900733700001500752700001600767700001900783700002100802dpl2008111801571.0DVD||||||sp199 xxu|||||c ||| 00| 0 ng d  aDVD-001127-1128 DVD-001644 aDHIF0617SRc45.00 aDVD-001127-1128 DVD-001644 aDPLcDPL aDVD / ANDA aAndaz Apna ApnacUltra Presentsh[videorecording] DVD/ a. bMoserbaer Entertainment a1 videodisc DVD;bsd., col. ;c4 3/4 in.fDVD aMoserbaer Home Entertainment aMoserbaer India Ltd. has obtained the necessary licence/conssent from the owner of the copyright in the wroks for making this DVD Film. aDolby Digital 5.1 - Hindi Subtitles: English aThis DVD can be played back on DVD Players, multimedia systems & PC with MPEG card interactive with version 2.0 players. aMotion Picture aSantoshi, Rajkumar aSinha, Vinaykumar aBhatia, Tushar aAamir Khan aSalman Khan aRaveena Tondon aKapoor, Karishma